[Event "GER-chT U14"]
[Site "Willingen"]
[Date "2021.06.25"]
[Round "4.5"]
[White "Clauss, Annika"]
[Black "Lerchl, Justus"]
[Result "1-0"]
[WhiteElo "1133"]
[BlackElo "1467"]
[PlyCount "93"]
[EventDate "2021.06.23"]
[EventType "team-swiss"]
[EventRounds "7"]
[EventCountry "GER"]
[SourceTitle "EXT 2022"]
[Source "ChessBase"]
[SourceDate "2021.10.06"]
[SourceVersion "1"]
[SourceVersionDate "2021.10.06"]
[SourceQuality "1"]
[WhiteTeam "Muenster 32"]
[BlackTeam "Vaterstetten Grasbrunn"]
[WhiteTeamCountry "GER"]
[BlackTeamCountry "GER"]

1. e4 c5 2. Nf3 d6 3. c3 Nc6 4. Bd3 Nf6 5. Bc2 g6 6. 0-0 Bg7 7. d4 cxd4 8. cxd4 d5 9. e5 Ne4 10. Be3 Qb6 11. Bb3 Nb4 12. Nc3 Bf5 13. Ba4+ Nc6 14. Nxd5 Qa5 15. Qb3 0-0 16. Bxc6 bxc6 17. Nxe7+ Kh8 18. Nxf5 gxf5 19. Qc2 f6 20. e6 Qd5 21. Qb3 Qxb3 22. axb3 Rfe8 23. Nh4 Rxe6 24. Nxf5 Bf8 25. f3 Nd6 26. Nxd6 Rxe3 27. Nc4 Rxb3 28. Ra6 Rc8 29. Rxa7 c5 30. d5 Rd8 31. Ra6 Rxd5 32. Rxf6 Bg7 33. Rc6 Rb4 34. Rc8+ Bf8 35. Rxf8+ Kg7 36. Ne3 Re5 37. Ng4 Kxf8 38. Nxe5 Kg7 39. Rf2 Ra4 40. g4 c4 41. Rc2 Ra5 42. Nxc4 Rc5 43. Kf2 Kf6 44. Ke3 Ke6 45. h4 Kd5 46. Nb6+ Kc6 47. Rxc5+ 1-0

[Event "GER-chT U10"]
[Site "Magdeburg"]
[Date "2016.12.27"]
[Round "1.4"]
[White "Lerchl, Justus"]
[Black "Grassmann, Ludwig"]
[Result "1-0"]
[WhiteElo "951"]
[BlackElo "600"]
[PlyCount "25"]
[EventDate "2016.12.27"]
[EventType "team-swiss"]
[EventRounds "7"]
[EventCountry "GER"]
[SourceTitle "EXT 2018"]
[Source "ChessBase"]
[SourceDate "2017.10.13"]
[SourceVersion "1"]
[SourceVersionDate "2017.10.13"]
[SourceQuality "1"]
[WhiteTeam "Vaterstetten"]
[BlackTeam "Friedrichshagen"]
[WhiteTeamCountry "GER"]
[BlackTeamCountry "GER"]

1. e4 e5 2. d4 exd4 3. c3 dxc3 4. Bc4 cxb2 5. Bxb2 Bb4+ 6. Nd2 Nf6 7. Ngf3 Nxe4 8. 0-0 0-0 9. Nxe4 Bd6 10. Qd4 Qf6 11. Nxf6+ gxf6 12. Qxf6 Re8 13. Qg7# 1-0